| 000 | 00685cam a2200229 i 4500 | ||
|---|---|---|---|
| 999 |
_c8046 _d8046 |
||
| 003 | OSt | ||
| 005 | 20260112130229.0 | ||
| 008 | 250522e202503 spc ||| |||| 000 0bcat|c | ||
| 020 | _a9788410161511 | ||
| 040 | _cCDMR | ||
| 100 | 1 |
_aSinca, Genís, _d1970- _eautor |
|
| 240 | 1 | 0 | _aProvidència es diu Paco |
| 245 | 1 | 0 |
_aCandel : _bvida de Paco Candel, la màquina d'escriure / _cGenís Sinca |
| 264 | 1 |
_a[Barcelona] : _bComanegra, _c2025 |
|
| 300 |
_a356 pàgines ; _c21 cm |
||
| 490 | 1 |
_aEspores ; _v15 |
|
| 500 | _aReedició amb un nou títol | ||
| 600 | 1 | 7 |
_aCandel, Francisco, _d1925-2007. |
| 650 | 0 |
_aPeriodistes catalans _93139 _vBiografia |
|
| 830 | 0 |
_aEspores ; _v15 |
|
| 942 | _cMON | ||